Analýza vybraných ekonomockých agregátov (pred vznikom hospodárskej krízy a po vzniku hospodárskej krízy) bakalárska práca

Enregistré dans:
Détails bibliographiques
Auteur principal: Spilý, Juraj
Collectivité auteur: Národohospodárska fakulta EU. Katedra hospodárskej politiky
Autres auteurs: Lukáčik, Ján
Format: Livre
Langue:slovaque
Publié: Bratislava 2011
Tags: Ajouter un tag
Pas de tags, Soyez le premier à ajouter un tag!

MARC

LEADER 00000nbm a2200000 4500
001 0139699
005 20161109111640.3
041 0 |a slo 
044 |a SK 
245 1 0 |a Analýza vybraných ekonomockých agregátov (pred vznikom hospodárskej krízy a po vzniku hospodárskej krízy)  |b bakalárska práca  |c Juraj Spilý ; školiteľ: Ján Lukáčik 
264 1 |a Bratislava  |c 2011 
300 |a 42 s. 
100 1 |a Spilý, Juraj 
700 1 |a Lukáčik, Ján 
710 2 |a Národohospodárska fakulta EU. Katedra hospodárskej politiky